Introduction to computer science /
Đã lưu trong:
| Príomhúdar: | |
|---|---|
| Formáid: | Leabhar |
| Teanga: | English |
| Foilsithe: |
NewYork :
McGraw-Hill,
2000.
|
| Ábhair: | |
| Clibeanna: |
Cuir Clib Leis
Gan Chlibeanna, Bí ar an gcéad duine leis an taifead seo a chlibeáil!
|
| Thư viện lưu trữ: | Mạng thư viện Đại học Đà Nẵng |
|---|
| LEADER | 00806cam a2200313 i 4500 | ||
|---|---|---|---|
| 001 | 000045068 | ||
| 003 | 4186 | ||
| 005 | 20030225104444.0 | ||
| 008 | 010220|2000 vm 000 eng | ||
| 020 | |a 007134554X (pbk.) | ||
| 040 | |a IRC |c IRC |d IRC | ||
| 041 | 0 | |a eng | |
| 082 | 1 | 4 | |a 004.07 |b AS-T |
| 100 | 1 | |a Astley, Thea, |d 1925- | |
| 245 | 0 | 0 | |a Introduction to computer science / |c Thea Astley, 1925- |
| 260 | |a NewYork : |b McGraw-Hill, |c 2000. | ||
| 300 | |a iii, 296 p. : |b ill. | ||
| 630 | 0 | 4 | |a Computer science. |
| 650 | 0 | 4 | |a Computer science |x Study and teaching. |
| OWN | |a DUT | ||
| 999 | |a From the UDN01 | ||
| TYP | |a Monograph | ||
| TYP | |a Printed language | ||
| 980 | |a Mạng thư viện Đại học Đà Nẵng | ||


